000 00662cab a2200217 4500
001 X478
008 090401t1993 xxu||||| |||| 00| 0 eng d
035 _a(Sirsi) u65870
041 _aeng
245 2 _aA problem in the pipeline : the assessor`s report on the engineering constructin option of the September 1992 TPC practice problem
260 _c1993
350 _a0
490 _aChartered Quantity Surveyor
_v15(7) March 1993, 13-14(2)
650 _aENGINEERING CONSTRUCTION
650 _aPRACTICE PROBLEM
650 _aTEST OF PROFESSIONAL COMPETENCE
650 _aTPC
690 _aQuantity surveying
_96263
942 _n0
948 _c04/03/1997
999 _c41136
_d41136